Physical chemistry : Including solved long answer type, short answer type, objective type questions and numerical problems (Record no. 64804)

000 -LEADER
fixed length control field 00532nam a22001817a 4500
003 - CONTROL NUMBER IDENTIFIER
control field NUST - PNEC
005 - DATE AND TIME OF LATEST TRANSACTION
control field 20170116180856.0
008 - FIXED-LENGTH DATA ELEMENTS--GENERAL INFORMATION
fixed length control field 150829b xxu||||| |||| 00| 0 eng d
020 ## - INTERNATIONAL STANDARD BOOK NUMBER
International Standard Book Number 8121918812
040 ## - CATALOGING SOURCE
Transcribing agency LIBRARY
082 ## - DEWEY DECIMAL CLASSIFICATION NUMBER
Classification number 541.3 MAD
100 ## - MAIN ENTRY--PERSONAL NAME
9 (RLIN) 5993
Personal name Madan, R.L.
245 ## - TITLE STATEMENT
Title Physical chemistry : Including solved long answer type, short answer type, objective type questions and numerical problems
Statement of responsibility, etc. R.L. Madan
250 ## - EDITION STATEMENT
Edition statement -
260 ## - PUBLICATION, DISTRIBUTION, ETC.
Date of publication, distribution, etc. c.1999
650 ## - SUBJECT ADDED ENTRY--TOPICAL TERM
9 (RLIN) 5999
Topical term or geographic name entry element Chemistry, Physical
General subdivision ME
942 ## - ADDED ENTRY ELEMENTS (KOHA)
Source of classification or shelving scheme
Koha item type Book
Holdings
Withdrawn status Lost status Source of classification or shelving scheme Damaged status Not for loan Permanent Location Current Location Shelving location Date acquired Total Checkouts Full call number Barcode Date last seen Price effective from Koha item type
          Pakistan Navy Engineering College (PNEC) Pakistan Navy Engineering College (PNEC)       541.3 MAD PNECLIB-022779 08/29/2015   Book
© 2023 Central Library, National University of Sciences and Technology. All Rights Reserved.